| 000 | 00838nam a22002057a 4500 | ||
|---|---|---|---|
| 999 |
_c17882 _d17882 |
||
| 003 | AR-CdUCM | ||
| 008 | 190510b ||||| |||| 00| 0 spa d | ||
| 040 |
_aMUNICIPALIDAD PROVINCIAL DEL CUSCO _cBIBLIOTECA MUNICIPAL DEL CUSCO |
||
| 082 |
_a307.720 / _bE87 |
||
| 100 |
_aEspinosa de Rivero, Oscar _938092 |
||
| 245 | _aRondas campesinas y nativas en la Amazonia peruana / | ||
| 260 |
_aLima : _bCentro Amazónico de Antropología y Aplicación Práctica, _c1995. |
||
| 300 |
_a300 páginas ; _bMapas, _c21 cm. |
||
| 505 | _aContenido: Las rondas campesinas y los comités de autodefensa en el Perú -- Las rondas campesinas -- Los comités de autodefensa... | ||
| 650 |
_aRondas campesinas _938093 |
||
| 650 |
_aCiencias sociales _91096 |
||
| 650 |
_aComités de autodefensa _938094 |
||
| 942 |
_2ddc _cLIBROS |
||
| 945 |
_adavv _d2019-05-10 |
||